[Event "Bad Soden op U18"]
[Site "Bad Soden"]
[Date "2019.10.05"]
[Round "6"]
[White "Papadopoulos, Ioannis1"]
[Black "Sander, Jannik"]
[Result "1/2-1/2"]
[WhiteElo "1944"]
[BlackElo "1233"]
[PlyCount "76"]
[EventDate "2019.10.03"]
[EventType "swiss"]
[EventRounds "9"]
[EventCountry "GER"]
[SourceTitle "EXT 2020"]
[Source "ChessBase"]
[SourceDate "2019.10.17"]
[SourceVersion "1"]
[SourceVersionDate "2019.10.17"]
[SourceQuality "1"]

1. e4 e5 2. Nf3 Nc6 3. Bc4 Bc5 4. 0-0 Nf6 5. d4 Bxd4 6. Nxd4 Nxd4 7. f4 d6 8. fxe5 dxe5 9. Bg5 h6 10. Bxf6 gxf6 11. c3 Be6 12. Na3 Bxc4 13. Nxc4 Ne6 14. Qxd8+ Rxd8 15. Rxf6 Ke7 16. Rf2 f6 17. g3 Ng5 18. Re2 Rhg8 19. Kg2 b6 20. Rf1 Rd3 21. Ne3 c6 22. Nf5+ Kd7 23. Nxh6 Rg6 24. Nf5 Ne6 25. Kh1 Nc5 26. Rff2 Rg4 27. Rd2 Rxe4 28. b4 Rxd2 29. Rxd2+ Ke6 30. Ng7+ Kf7 31. bxc5 Kxg7 32. Rd7+ Kg6 33. Rxa7 bxc5 34. Kg2 Re3 35. Ra6 Rxc3 36. Rxc6 c4 37. a4 Rc1 38. a5 Ra1 1/2-1/2

[Event "Bad Soden op U18"]
[Site "Bad Soden"]
[Date "2019.10.04"]
[Round "2"]
[White "Sander, Jannik"]
[Black "Klein, Dennis"]
[Result "1-0"]
[WhiteElo "1233"]
[BlackElo "1119"]
[PlyCount "99"]
[EventDate "2019.10.03"]
[EventType "swiss"]
[EventRounds "9"]
[EventCountry "GER"]
[SourceTitle "EXT 2020"]
[Source "ChessBase"]
[SourceDate "2019.10.17"]
[SourceVersion "1"]
[SourceVersionDate "2019.10.17"]
[SourceQuality "1"]

1. e4 e5 2. Nf3 Nc6 3. d4 exd4 4. Nxd4 Bc5 5. Be3 Qf6 6. c3 Nge7 7. Bc4 d6 8. 0-0 Be6 9. Nxe6 fxe6 10. Bxc5 dxc5 11. Qh5+ Ng6 12. Qxc5 0-0-0 13. a4 a5 14. Na3 Nge5 15. b4 Nxc4 16. Nxc4 axb4 17. cxb4 Qe7 18. Qxe7 Nxe7 19. Rfd1 Rxd1+ 20. Rxd1 Rd8 21. Rxd8+ Kxd8 22. b5 Kd7 23. f4 g6 24. Kf2 c6 25. g4 h6 26. h4 cxb5 27. axb5 Ng8 28. Ne5+ Kd6 29. Nxg6 Kc5 30. f5 exf5 31. exf5 Nf6 32. Kf3 Kxb5 33. g5 hxg5 34. hxg5 Nh5 35. f6 Nxf6 36. gxf6 Kc5 37. f7 b5 38. f8Q+ Kc4 39. Ne5+ Kd5 40. Nd3 Kc4 41. Qb4+ Kxd3 42. Qxb5+ Kd4 43. Qf5 Kc4 44. Qe5 Kd3 45. Qd5+ Kc3 46. Ke3 Kb4 47. Kd3 Ka3 48. Qb5 Ka2 49. Kc2 Ka3 50. Qb3# 1-0